| 000 | nam a22 7a 4500 | ||
|---|---|---|---|
| 999 |
_c18023 _d18023 |
||
| 008 | 161202b xxu||||| |||| 00| 0 eng d | ||
| 020 | _a0201788446 | ||
| 050 | _aPE 1128 .M55 2004 | ||
| 100 |
_aMills,Robin. _d2004 |
||
| 245 |
_aNorthstar: _blistening and speaking,basic/low intermediate. _cRobin Mills |
||
| 260 |
_bLongman, _c2004. |
||
| 300 |
_axi,119.p _cCD |
||
| 650 | _aEnglish language. | ||
| 650 | _aEnglish language-spoken english. | ||
| 942 |
_2lcc _cBOOKS _hPE 1128 .M55 2004 |
||